|
|
|
|
| LEADER |
00000nab a2200000 a 4500 |
| 001 |
vtls000869164 |
| 003 |
SK-MaSNL |
| 005 |
20260305000547.0 |
| 008 |
250429c2003 xo 0 slo |
| 015 |
|
|
|a SNBRB2004/04-11592
|
| 035 |
|
|
|a CLN000220716
|
| 035 |
|
|
|a urn:nbn:sk:snk-abs3o
|
| 035 |
|
|
|a (urnnbn)urn:nbn:sk:snk:ar-a03slv
|
| 035 |
|
|
|a (uuid)9d2a051e-b755-4aab-9c0b-2a436b54f93a
|
| 040 |
|
|
|a SNKBUCL
|b slo
|c SNKBUCL
|e AACR2
|
| 041 |
0 |
|
|a slo
|
| 044 |
|
|
|a xo
|c SK
|
| 080 |
|
|
|a 904"652":09
|2 1997
|
| 080 |
|
|
|a 619(091)
|2 1997
|
| 080 |
|
|
|a 935:34
|2 1997
|
| 080 |
|
|
|a 636(091)
|2 1997
|
| 100 |
1 |
|
|a Pleva, Ján,
|d 1928-2025
|4 aut
|9 27271
|
| 245 |
1 |
0 |
|a Le code de Hammurabi
|c J. Pleva, R. Cabadaj, R. Ďurečko
|
| 600 |
0 |
7 |
|a Chammurapi
|c kráľ babylonský
|d ?1792-1750 pr.n.l.
|x zákonníky univerzálne
|2 snkbucl
|9 1446989
|
| 650 |
0 |
7 |
|a zvieratá
|x zaobchádzanie
|x Chammurapiho kódex
|x dejiny
|2 snkbucl
|9 1446990
|
| 655 |
|
7 |
|a články z novín a časopisov
|2 snkbucl
|9 267496
|
| 700 |
1 |
|
|a Ďurečko, Rastislav,
|d 1949-
|4 aut
|9 201305
|
| 700 |
1 |
|
|a Cabadaj, Rudolf,
|d 1940-
|4 aut
|9 107699
|
| 773 |
0 |
|
|t Slovenský veterinársky časopis
|g Roč. 28, č. 6 (2003), s. 40
|x 1335-0099
|
| 850 |
|
|
|a Slovenská národná knižnica
|
| 852 |
|
|
|a Slovenská národná knižnica
|
| 954 |
|
|
|a odborná, vedecká literatúra pôvodná (slovenská)
|2 lita
|
| 958 |
|
|
|a article27
|
| 958 |
|
|
|a OND
|
| 958 |
|
|
|a EUIPO
|
| 992 |
|
|
|a RBX
|
| 999 |
|
|
|c 3214421
|d 3216351
|